000 00792nam a22002777a 4500
001 BR8204713
003 BR-BrBNA
005 20230928091425.0
007 ta
008 230509b bl.||||| |||| 00| 0 por d
040 _aBR-BrBNA
_bpor
_cBiblioteca Nacional de Agricultura
041 _a(Por)
072 _aF00; A50
_b3575
_b/G514
090 _ 3575 BR8204713
100 1 _aOliveira, P.N.
100 1 _aLiao, F.T.
110 1 _aEmpresa Maranhense de Pesquisa Agropecuaria, Sao Luis, MA (Brasil)
_94228
245 1 _aProjeto producao de sementes basicas 1981/1982 [Brasil]
260 3 _aSao Luis, MA (Brasil):
_c1982.
300 _a43 p.
650 _aPRODUCAO VEGETAL
650 _aPESQUISA AGRICOLA
650 _aSEMENTE
909 _a202309
_bLucia
_c55
_dLucia Elande
942 _cBK
999 _c33805
_d33805